| 000 | 00773nam a22002772 4500 | ||
|---|---|---|---|
| 999 |
_c9933 _d9933 |
||
| 001 | 9933 | ||
| 003 | BD - JhCC | ||
| 005 | 20180403131039.0 | ||
| 008 | 180403s1972 enkabc 001 0 eng d | ||
| 020 | _a0356039811 | ||
| 035 |
_aOCLC ocm16250649 from D970630M _a(BD - JhCC)9933 |
||
| 040 |
_aUKM _cUKM _dEQO |
||
| 041 | _aeng | ||
| 050 | 1 | _aGC21 | |
| 082 | 0 |
_a551.4/6 _218 _bAND 1972 |
|
| 100 | 1 | _aAndrews, Keith. | |
| 245 | 1 | 0 |
_aBeneath the oceans / _cKeith Andrews. |
| 260 |
_aLondon : _bMacdonald and Co., _c1972. |
||
| 300 |
_a48 p. : _bill. (some col.), col. maps, ports. ; _c29 cm. |
||
| 490 | 1 | _a[Visual books] | |
| 500 | _aIncludes index. | ||
| 650 | 0 |
_aOceanography _xJuvenile literature. |
|
| 830 | 0 | _aVisual books. | |
| 942 |
_2ddc _cREF |
||